000 02049nam a2200301 4500
001 113528
003 DR-UNIBE
005 20251028102338.0
008 250501b2006 mx ||||| |||| 00| 0 spa d
020 _a9789707125667
040 _aBIBLIOTECA UNIBE
_bspa
_cBIBLIOTECA UNIBE
_erda
041 _aspa
082 _222
_a342.972 M611t
110 0 _aMexico. Suprema Corte de Justicia de la Nación
_eautor
_9194807
245 1 4 _aLos tribunales constitucionales y la Suprema Corte de Justicia de la Nación /
_cedición: Comité de Publicaciones y Promoción Educativa ; fotógrafo de portada: Ernesto Lehn ; pintor del mural de portada: Héctor Cruz García
250 _aSegunda edición
260 _aMéxico :
_bSuprema Corte de Justicia de la Nación,
_c2006
300 _a144 páginas :
_c221 x 15 cm
500 _aPortada: Detalle del mura "Génesis, nacimiento de una nación, orígenes de la creación de la SCJN" , de Héctor Cruz García. Comentario de la obra en la contraportada
505 _aPresentación | I. La supremacía constitucional | II. La defensa de la Constitución y el derecho procesal constitucional | III. Los sistemas de control constitucional | IV. Concepto y características de los tribunales constitucionales | V. Las funciones legislativas de los tribunales constitucionales | VI. Las funciones interpretativas de los tribunales constitucionales | VII. Las sentencias de los VIII. Los tribunales constitucionales | IX. El carácter de Tribunal Constitucional de la Suprema Corte de Justicia de la Nación | Epílogo | Bibliografía | Normativa
650 7 _2lemb
_aTribunales constitucionales
_zMéxico
_9200283
651 7 _2lemb
_aMexico
_xTribunales constitucionales
_9194811
651 7 _2lemb
_aMéxico
_xDerecho constitucional
_9193164
700 1 0 _aLehn, Ernesto
_9194808
_efotógrafo de portada
700 1 0 _aCruz García, Héctor,
_d1932-
_9194809
_epintor del mural de portada
710 1 0 _aComité de Publicaciones y Promoción Educativa
_9194812
_eeditor
_epresentador
942 _2ddc
_cBK
999 _c113528
_d113528